<?xml version="1.0" encoding="UTF-8"?>
<collection xmlns="http://www.loc.gov/MARC21/slim">
 <record>
  <leader>     na                 </leader>
  <controlfield tag="001">INLIS000000000014751</controlfield>
  <controlfield tag="005">20250805015009</controlfield>
  <datafield tag="035" ind1=" " ind2=" ">
   <subfield code="a">0010-0825000016</subfield>
  </datafield>
  <datafield tag="245" ind1="1" ind2=" ">
   <subfield code="a">Fotografi teknologi dokumentasi /</subfield>
   <subfield code="c">Widyo Nugroho</subfield>
  </datafield>
  <datafield tag="100" ind1="0" ind2=" ">
   <subfield code="a">Widyo Nugroho</subfield>
  </datafield>
  <datafield tag="300" ind1=" " ind2=" ">
   <subfield code="a">xi, 215 hlm.; 21 cm</subfield>
  </datafield>
  <datafield tag="700" ind1="0" ind2=" ">
   <subfield code="a">Sendi Eka Nanda</subfield>
  </datafield>
  <datafield tag="700" ind1="0" ind2=" ">
   <subfield code="a">Choirul Umam</subfield>
  </datafield>
  <datafield tag="260" ind1=" " ind2=" ">
   <subfield code="a">Jakarta :</subfield>
   <subfield code="b">Kencana,</subfield>
   <subfield code="c">2024</subfield>
  </datafield>
  <datafield tag="082" ind1=" " ind2=" ">
   <subfield code="a">771</subfield>
  </datafield>
  <datafield tag="084" ind1=" " ind2=" ">
   <subfield code="a">771 WID f</subfield>
  </datafield>
  <datafield tag="020" ind1=" " ind2=" ">
   <subfield code="a">978-623-384-667-7</subfield>
  </datafield>
  <datafield tag="650" ind1=" " ind2=" ">
   <subfield code="a">Fotografi</subfield>
  </datafield>
  <datafield tag="520" ind1=" " ind2=" ">
   <subfield code="a">Di tengah pesatnya perkembangan teknologi digital dan kebutuhan akan visualisasi yang semakin meningkat, pemahaman yang kuat tentang fotografi dan teknologi dokumentasi menjadi semakin penting.&#13;
Buku ini disusun dengan tujuan untuk memberikan pemahaman mendalam tentang seni fotografi serta teknik dokumentasi yang diperlukan dalam menghasilkan gambar-gambar yang bermakna dan memukau.&#13;
Buku ini bukan hanya sekedar panduan praktis tentang bagaimana mengambil gambar yang indah atau memanfaatkan perangkat lunak terbaru, tetapi juga sebuah perjalanan yang menggali esensi dari apa artinya menjadi seorang fotografer dalam era di mana citra-citra berkembang menjadi bahasa universal.</subfield>
  </datafield>
  <controlfield tag="008">250805                e          0 ind  </controlfield>
  <datafield tag="990" ind1=" " ind2=" ">
   <subfield code="a">025.3838/PC/25</subfield>
  </datafield>
  <datafield tag="990" ind1=" " ind2=" ">
   <subfield code="a">025.3839/PC/25</subfield>
  </datafield>
  <datafield tag="990" ind1=" " ind2=" ">
   <subfield code="a">025.3840/PC/25</subfield>
  </datafield>
 </record>
</collection>
